000
00257nam a2200109Ia 4500
008
220204s9999 xx 000 0 und d
082
_a
930
_b
KIN
100
_a
Lord
245
0
_a
Wonders of man: Hagia sophia
260
_b
S Arthur Dembner
_c
1972
942
_c
BK
999
_c
29653
_d
29653